Państwa, ale brakuje co drugiej litery - Statystyki

Ogólne statystyki
  • Ten quiz został rozwiązany 74 razy
    63 od ostatniego zresetowania
  • Średni wynik to 18 z 25
Statystyki odpowiedzi
Kraj Kontynent Odpowiedź % Poprawnych
_I_Ł_R_Ś Europa Białoruś
98%
_O_T_G_L_A Europa Portugalia
87%
_A_A_W_J Ameryka Południowa Paragwaj
84%
_U_E_T Azja Kuwejt
82%
_E_U Ameryka Południowa Peru
82%
_H_R_A_J_ Europa Chorwacja
80%
_G_P_ Afryka Egipt
78%
_A_A_A Ameryka Północna Panama, Kanada
78%
_F_A_I_T_N Azja Afganistan
76%
_I_I_I_Y Azja Filipiny
76%
_O_D_W_A Europa Mołdawia
76%
_R_G_A_ Ameryka Południowa Urugwaj
76%
_I_W_ Europa Litwa
73%
_H_T_N Azja Bhutan
71%
_N_O_E_J_ Azja Indonezja
71%
_O_T_R_K_ Ameryka Północna Kostaryka
69%
_A_R_T_N_A Afryka Mauretania
69%
_R_N_J_ Europa Francja
67%
_G_N_A Afryka Uganda
67%
_O_I_I_A_A Ameryka Północna Dominikana
58%
_E_E_A_ Afyka Senegal
58%
_U_T_I_ Europa Austria
56%
_A_E_U_ Afryka Kamerun
53%
_U_A_ Afryka Sudan
53%
_U_E_J_ Afryka Tunezja
49%
Nie znaleziono quizów pasujących do podanych kryteriów
Rozkład punktacji
Procent ludzi z każdym wynikiem
Percentyl według liczby udzielonych odpowiedzi
Twoja historia wyników
Nie rozwiązałeś tego quizu od ostatniego zresetowania